<?xml version="1.0" encoding="UTF-8"?>
<record
    xmlns:xsi="http://www.w3.org/2001/XMLSchema-instance"
    xsi:schemaLocation="http://www.loc.gov/MARC21/slim http://www.loc.gov/standards/marcxml/schema/MARC21slim.xsd"
    xmlns="http://www.loc.gov/MARC21/slim">

  <leader>01181nab a2200205 i 4500</leader>
  <controlfield tag="001">768714001</controlfield>
  <controlfield tag="003">CO-MdFUSB</controlfield>
  <controlfield tag="005">20240424125749.0</controlfield>
  <controlfield tag="008">220805t2005    ck a|||| |||| 00| 0 spa d</controlfield>
  <datafield tag="022" ind1=" " ind2=" ">
    <subfield code="a">14091968</subfield>
  </datafield>
  <datafield tag="040" ind1=" " ind2=" ">
    <subfield code="b">spa</subfield>
    <subfield code="c">CO-MdFUSB</subfield>
  </datafield>
  <datafield tag="041" ind1=" " ind2=" ">
    <subfield code="a">spa</subfield>
  </datafield>
  <datafield tag="100" ind1=" " ind2=" ">
    <subfield code="a">Warren, Rick, </subfield>
    <subfield code="e">autor</subfield>
  </datafield>
  <datafield tag="245" ind1="1" ind2=" ">
    <subfield code="a">&#xA1;Cometa al menos un error por semana! : </subfield>
    <subfield code="b">cada l&#xED;der y miembro de nuestras iglesias deben aprender a tomar riesgos por Cristo en sus ministerios.</subfield>
    <subfield code="c">/ Rick Warren</subfield>
  </datafield>
  <datafield tag="300" ind1=" " ind2=" ">
    <subfield code="a">Volumen 22, n&#xFA;mero 3 (abril - junio, 2005), p&#xE1;ginas: 8 - 9</subfield>
    <subfield code="c">; 27 cm</subfield>
  </datafield>
  <datafield tag="520" ind1=" " ind2=" ">
    <subfield code="a">&#xBF;Estamos dispuestos a creerle a Dios por grandes cosas?  si la respuesta es "si", entonces autom&#xE1;ticamente nos convertimos en "socios" del riesgo, hombres y mujeres que conf&#xED;an en Dios y viven por la fe, no por la vista. Cuando ense&#xF1;amos a nuestra gente a tomar riegos, estamos ense&#xF1;&#xE1;ndoles a desarrollar su fe en Dios. 
Si no nos arriesgamos en nuestros ministerios, entonces realmente no estamos ni ejercitando nuestra fe ni obrando con fe.</subfield>
  </datafield>
  <datafield tag="650" ind1=" " ind2="0">
    <subfield code="9">2014</subfield>
    <subfield code="a">Liderazgo</subfield>
  </datafield>
  <datafield tag="773" ind1="0" ind2=" ">
    <subfield code="0">49442</subfield>
    <subfield code="9">60138</subfield>
    <subfield code="g">Volumen 22, n&#xFA;mero 3 (abril - junio, 2005), p&#xE1;ginas: 8 - 9</subfield>
    <subfield code="q">p&#xE1;gina: 8</subfield>
  </datafield>
  <datafield tag="942" ind1=" " ind2=" ">
    <subfield code="c">ANA</subfield>
  </datafield>
  <datafield tag="999" ind1=" " ind2=" ">
    <subfield code="c">68041</subfield>
    <subfield code="d">68041</subfield>
  </datafield>
</record>
